000 00479nam a22001577a 4500
005 20231206084326.0
008 231206b |||||||| |||| 00| 0 eng d
041 _aEnglish
082 _a346.5 STE
100 _aSteyn, G
_lEnglish
245 _aThe Law of Wills in South Africa /
_cG Steyn
260 _aCape Town :
_bJuta and Company Ltd,
_c1935
300 _bxxvi, 332 pages ;
_c26 cm.
650 _aLegal practice
_bLaw
942 _cBK
_6ALISON_BN_VRIES
999 _c1140
_d1140